Представление документа в формате RUSMARC

ПолеНазваниеЗначение
  Тип записи a
  Библиографический уровень m
001 Контрольный номер RU/IS/BASE/272378051
005 Дата корректировки 20210522121823.5
010 Индекс ISBN __
a ISBN 5-469-00455-4
d Цена 19-58
101 Язык документа 0_
a Язык текста rus
200 Заглавие и сведения об ответственности 1_
a Заглавие Новые тайны золотого уса
f Первые сведения об ответственности А. Кородецкий
210 Выходные данные 1_
a Место издания М. [и др.]
c Издательство Питер
d Дата издания 2005
215 Физическое описание __
a Объем 95, [1] c.
225 Серия (Журнальная рубрика) 2_
a Серия (Журнальная рубрика) Исцели себя сам
318 Примечание о действии __
a Действие п
606 Тематические рубрики __
a Основная рубрика медицина
608 Указатель предметных рубрик __
a Жанр/форма научно-популярное издание
610 Ключевые слова 0_
a Ключевые слова растения лечебные
a Ключевые слова золотой ус (раст.)
a Ключевые слова медицина китайская
a Ключевые слова медицина народная
686 Индексы других классификаций __
a Индекс ББК 53.59
700 Автор _1
a Фамилия Кородецкий
b Имя А.
801 Источник записи _0
a Страна RU
b Организация ЦРБ, Сургут
g Правила каталогизации PSBO
801 Источник записи _1
a Страна RU
b Организация ЦРБ, Сургут
g Правила каталогизации PSBO
852 Данные о местонахождении __
j Шифр хранения 53.59
i Авторский знак К 68
p Инвентарный номер 74699
b Сигла хранения ООЧ
901 Тип документа __
t Тип документа m
905 Дата создания БЗ __
a Дата создания БЗ 2008.08.18
990 Данные о заказе (DOS) __
h N записи в КСУ для Б/У (DOS) 2008-5
j Количество экземпляров (DOS) 1